| 000 | 00393nam a22001697a 4500 | ||
|---|---|---|---|
| 999 |
_c7558 _d7558 |
||
| 003 | GBCCL | ||
| 005 | 20241126110631.0 | ||
| 008 | 180822b ||||| |||| 00| 0 eng d | ||
| 040 | _cgbc | ||
| 082 |
_aVER 220.07 _bKHA |
||
| 100 |
_aKhamkam, G _97297 |
||
| 245 | _aBible zilna kongpi | ||
| 260 |
_c1979. _aLamka: _bEPA, |
||
| 300 | _a121p. ; | ||
| 650 |
_aBible _vstudy _92583 |
||
| 942 |
_2ddc _cBK |
||